| 000 | 01524nam0a22003011 4500 | ||
|---|---|---|---|
| 001 | rc\4662375 | ||
| 005 | 20250612144642.0 | ||
| 021 |
_aRU _b[66-14623] |
||
| 035 | _a(NLR Aleph) 008697681 | ||
| 090 |
_a9278908 _c9278908 |
||
| 100 | _a20130416d1965 |||y0rusy50 ca | ||
| 101 | 0 | _arus | |
| 102 | _aRU | ||
| 105 | _ay z ||||| | ||
| 200 | 1 |
_aПередовой опыт ежесуточного внутрипроизводственного хозрасчета _e(Материалы респ. семинара) _fГос. план. ком. Совета Министров УССР. Ин-т техн. информации |
|
| 210 |
_aКиев _cБ. и. _d1965 |
||
| 215 |
_a31 с. _d20 |
||
| 225 | 1 |
_a[Нефтяная и газовая промышленность] _fУкр. респ. правл. Науч.-техн. о-ва нефт. и газовой пром-сти. Ивано-Франков. обл. правл. Науч.-техн. о-ва нефт. и газовой пром-сти |
|
| 300 | _aНа обороте тит. л. сост.: Г.А. Неверов, П.Я. Ярова | ||
| 606 |
_aГазовая промышленность, предприятия _xХозяйственный расчет _2psbo |
||
| 606 |
_aНефтяные предприятия _xХозяйственный расчет _2psbo |
||
| 702 | 1 |
_aНеверов _bГ.А. _4220 |
|
| 702 | 1 |
_aЯрова _bП.Я. _4220 |
|
| 801 | 0 |
_aRU _bNLR _gpsbo |
|
| 801 | 1 |
_aRU _bELAR _2rusmarc |
|
| 852 |
_aNLR _j66-4/3750 |
||
| 942 | _cBOOK | ||
| 980 | _aNB | ||